Normal view
MARC view
- Butterworth ,John
Entry Personal Name
001 - CONTROL NUMBER
- control field: 104230
003 - CONTROL NUMBER IDENTIFIER
- control field: NUST
005 - DATE AND TIME OF LATEST TRANSACTION
- control field: 20221206123604.0
008 - FIXED-LENGTH DATA ELEMENTS
- fixed length control field: 221206|| aca||aabn | a|a d
040 ## - CATALOGING SOURCE
- Original cataloging agency: NUST
- Transcribing agency: NUST
100 ## - HEADING--PERSONAL NAME
- Personal name: Butterworth ,John
670 ## - SOURCE DATA FOUND
- Source citation: Work cat.: (NUST)194799: Butterworth ,John, Thinking Skills /, c2005
